000 01666nam a2200361 c 4500
999 _c142021
_d142021
003 BLK
005 20240610150314.0
008 180409b bul|||||r ||||||| ||bul||
010 _aKNG00148097000
040 _aBLK
041 _aBUL
_cBUL
080 _aБългарска литература
_b821.163.2
_x-93-32
_z821.163.2-93-32
100 1 _aПопова-Мутафова, Фани Добрева
_d1902-1977
_gписател
_eпърви автор
_9366640
139 _aПопова-Мутафова, Фани Добрева
_bП 76
245 1 0 _aВерен и безстрашен
_bИст. разказ за Ангел Кънчев : За деца
_cФани Добрева Попова-Мутафова; худож. Красимира Ангелова Дренска.
257 _aBGR
260 _bОтечество
_c1976
_fСофия : ДП Балкан
_aСофия
300 _a32 с.
_bс ил.
_c32 см
380 _aDX
490 _aБиблиотека България древна и млада
_9203851
500 _aКор. опис. - 150 100 тир.
600 0 _aКънчев, Ангел
_d1850 - 1872
_gБългарски революционер
_qАнгел Кънчев Ангелов
_9273671
653 _aлитература за деца
653 _aдетска литература
700 _aДренска, Красимира Ангелова
_9316238
852 _aЦб ІІ 18513
856 4 _qpdf
856 4 _qpdf
942 _cKNG
_n0
_03
_s1
944 _aCR
_c01.08.2013
_lМира Стойчева
_k30532
944 _aED
_c01.08.2013
_l01.08.2013 - от С1,Р / 01.08.2013
999 _d142021